000 00807nam a22002651 4500
001 21192
003 BD-RjUL
005 20211209000647.0
008 140303s1951 enk 001 0 eng
035 _a(BD-RjUL)21256
035 _aBD-RjUL
040 _aDLC
_cOTU
_dBD-RjUL
_beng
041 _aeng
082 _a808
_bREA 1951
100 1 _aBushman, John C.
_q(John Conrad),
_d1914-
_965490
245 1 0 _aReadings for college English /
_cedited by John C. Bushman.
260 _aNew York.
_bAmerican Book Co.
_c1951.
300 _axx, 580 p. :
_c22 cm.
650 0 _aEnglish language
_xComposition and exercises.
_925290
650 0 _aAmerican prose literature.
_965491
700 1 _aMathews, Ernst Garland,
_ejoint ed.
_965492
942 _2ddc
_cBK
999 _c21192
_d21192